000 00830nam a2200181 i 4500
001 153202
003 ES-MaACL
005 20230906205053.0
008 041119s1900 sp |||| | spa d
040 _aCAM
_bspa
_cCAM
100 1 _aComas y Llabería, César.
_939955
245 1 0 _aDiagnóstico de los cálculos renales por los rayos Rontgen /
_cpor César Comas y Llabería y Agustín Prió y LLabería.
260 _aBarcelona :
_b[s.n.],
_c1900 (
_fImp. de Henrich y Compañía, en comandita)
300 _a24 p. ;
_c25 cm.
500 _aTrabajo publicado en la Revista de Ciencias Médicas de Barcelona, n. 15.
650 4 _aRiñones-
_xEnfermedades.
_916914
852 _aES-MaACL
_jT-1008-F-6
_z-- Enc. hol. conservando la cub. original
_z-- Ded. ms. de los autores a la Biblioteca del Ateneo
_z-- Enc. en un vol. facticio
999 _c153202
_d153202